Historia en blanco y negro: análisis de los manuales escolares en Suráfrica
Guardat en:
| Autors principals: | , , |
|---|---|
| Format: | Llibre |
| Idioma: | espanyol |
| Publicat: |
Barcelona
Unesco
1984
|
| Col·lecció: | Colección Temas Africanos, 18
|
| Matèries: | |
| Etiquetes: |
Afegir etiqueta
Sense etiquetes, Sigues el primer a etiquetar aquest registre!
|
MARC
| LEADER | 00000nam a2200000 a 4500 | ||
|---|---|---|---|
| 001 | UCO2362 | ||
| 003 | CL-VaPUC | ||
| 008 | 000602e19840000SP |||||||||||||||||spa|d | ||
| 082 | 0 | 4 | |a 370.0960 |b DEA |2 21 |
| 100 | 0 | |a Dean, Elizabeth |e author |9 445503 | |
| 700 | 0 | |a Hartmann, Paul |e author |9 445504 | |
| 700 | 0 | |a Katzen, May |e author |9 445505 | |
| 245 | 1 | 0 | |a Historia en blanco y negro: análisis de los manuales escolares en Suráfrica |
| 300 | |a 196 p | ||
| 942 | |c BK | ||
| 945 | |d 20000602 00:00:00 |a rherrera | ||
| 260 | |a Barcelona |b Unesco |c 1984 | ||
| 650 | 7 | |a HISTORIA DE AFRICA SIGLO 20 |2 CL-VaPUC |9 445390 | |
| 650 | 0 | |a Manuales |9 257144 | |
| 650 | 7 | |a EDUCACION AFRICANA |2 CL-VaPUC |9 445413 | |
| 651 | 7 | |a SUDAFRICA |2 CL-VaPUC |9 261695 | |
| 583 | |a last modification |c 20170911 03:52:49 |k Rodrigo Vera | ||
| 490 | 0 | |a Colección Temas Africanos, 18 | |
| 999 | |c 288897 |d 288895 | ||
| 952 | |0 0 |1 0 |4 0 |6 370_096000000000000_DEA_1984 |7 0 |8 A |9 336868 |a BIBHIS |b BIBHIS |d 2019-11-20 |i 128567K |o 370.0960 DEA 1984 |p 128567K |r 2025-01-20 |w 2019-11-20 |y BK |k HIS | ||